| 000 | 00958cab a2200253 4500 | ||
|---|---|---|---|
| 001 | ABS55723 | ||
| 008 | 090401t1996 xxu||||| |||| 00| 0 eng d | ||
| 035 | _a(Sirsi) u18329 | ||
| 041 | _aeng | ||
| 100 | _aHeath, A.P. | ||
| 245 | _aReport on advantages/disadvantages of the various valuation methods presently employed in South Africa in terms of relevant provincial valuation ordinances | ||
| 260 | _c1996 | ||
| 350 | _a0 | ||
| 490 |
_aSouth African Valuer _v(46) June 1996, 4-6(3) |
||
| 520 | _aDescribes the four valuation methods used in South Africa for rating purposes: Site Rate system, Flat Rate system, Composite system and Differentiated Values System commenting on the pros and cons of each one. | ||
| 650 | _aPROPERTY TAXES | ||
| 650 | _aRATING VALUATION | ||
| 650 | _aSOUTH AFRICA | ||
| 650 | _aVALUATION METHODS | ||
| 690 | _aOVERSEAS-REST OF THE WORLD | ||
| 690 | _aRATING AND VALUATION | ||
| 942 | _n0 | ||
| 948 | _c04/03/1997 | ||
| 999 |
_c12171 _d12171 |
||